Polskie rzeki na 5 liter. - Statystyki

Ogólne statystyki
  • Ten quiz został rozwiązany 99 razy
  • Średni wynik to 6 z 15
Statystyki odpowiedzi
Długość Rzeka % Poprawnych
1047 km Wisła
100%
808 km Warta
89%
448 km Narew
82%
391 km Noteć
65%
166 km Bzura
60%
186 km Drawa
27%
120 km Krzna
27%
126 km Kwisa
21%
102 km Biała
20%
114 km Skrwa
19%
118 km Wełna
18%
142 km Orzyc
11%
114 km Tanew
11%
102 km Netta
5%
103 km Szkwa
1%
Nie znaleziono quizów pasujących do podanych kryteriów
Rozkład punktacji
Procent ludzi z każdym wynikiem
Percentyl według liczby udzielonych odpowiedzi
Twoja historia wyników
Nie rozwiązałeś tego quizu